Tourism : (Record no. 81366)
[ view plain ]
| 000 -LEADER | |
|---|---|
| fixed length control field | 03017nam a2200325 a 4500 |
| 001 - CONTROL NUMBER | |
| control field | 81366 |
| 003 - CONTROL NUMBER IDENTIFIER | |
| rucl marc code | BD-RjUL |
| 005 - DATE AND TIME OF LATEST TRANSACTION | |
| control field | 20230510122315.0 |
| 008 - FIXED-LENGTH DATA ELEMENTS--GENERAL INFORMATION | |
| fixed length control field | 230510s2012 njuaf b 001 0 eng |
| 020 ## - INTERNATIONAL STANDARD BOOK NUMBER | |
| International Standard Book Number | 9781118071779 (hbk.) : |
| International Standard Book Number | 1118071778 (hbk.) : |
| 035 ## - SYSTEM CONTROL NUMBER | |
| System control number | (BD-RjUL)81366 |
| 040 ## - CATALOGING SOURCE | |
| Original cataloging agency | StDuBDS |
| Language of cataloging | eng |
| Transcribing agency | StDuBDS |
| Modifying agency | Uk |
| -- | BD-RjUL |
| 041 ## - LANGUAGE CODE | |
| Language code of text/sound track or separate title | eng |
| 082 00 - DEWEY DECIMAL CLASSIFICATION NUMBER | |
| Edition number | 23 |
| Classification number | 338.4791 |
| Author mark and year | GOT 2012 |
| 100 10 - MAIN ENTRY--PERSONAL NAME | |
| Personal name | Goeldner, Charles R. |
| 9 (RLIN) | 7384 |
| 245 10 - TITLE STATEMENT | |
| Title | Tourism : |
| Remainder of title | principles, practices, philosophies / |
| Statement of responsibility, etc. | Charles R. Goeldner, J.R. Brent Ritchie. |
| 250 ## - EDITION STATEMENT | |
| Edition statement | 12th ed. |
| 260 ## - PUBLICATION, DISTRIBUTION, ETC. (IMPRINT) | |
| Place of publication, distribution, etc. | Hoboken, NJ : |
| Name of publisher, distributor, etc. | Wiley, |
| Date of publication, distribution, etc. | c2012. |
| 300 ## - PHYSICAL DESCRIPTION | |
| Pagination | xviii, 494 p., [32] p. of plates : |
| Illustrations | ill. (some col.) ; |
| Size | 29 cm. |
| 500 ## - GENERAL NOTE | |
| General note | Formerly CIP. |
| 504 ## - BIBLIOGRAPHY, ETC. NOTE | |
| Bibliography, etc | Includes bibliographical references and index. |
| 505 0# - FORMATTED CONTENTS NOTE | |
| Formatted contents note | 1. Tourism overview -- Tourism in perspective -- Tourism through the ages -- Career opportunities --2. How tourism is organized -- World, national, regional, and other organizations -- Passenger transportation -- Hospitality and related services -- Organizations in the distribution process -- Attraction, entertainment, recreation, and other tourist draws -- 3. Understanding travel behavior -- Motivation for pleasure travel -- Cultural and international tourism for life's enrichment -- Sociology of tourism -- 4. Tourism supply, demand, policy, planning, and development -- Tourism components and supply -- Measuring and forecasting demand -- Tourism's economic impact -- Tourism policy: structure, content, and process -- Tourism planning, development, and social considerations -- Tourism and the environment -- 5. Essential of tourism research and marketing -- Travel and tourism research -- Tourism marketing -- 6. Tourism prospects -- Tourism's future. |
| 520 ## - SUMMARY, ETC. | |
| Summary, etc. | "The 12th Edition of Tourism: Principles, Practices, Philosophies explores major concepts in tourism, what makes tourism possible, and how tourism can become an important factor in the wealth of any nation. It is written in global terms, making it appropriate not only in the US but also for our subsidiary markets. It provides an overview of the principles, practices, and philosophies that affect the cultural, social, economic, psychological, and marketing aspects of human travel and the tourism industry. It looks at all aspects of the industry that serves travelers.The 12th Edition is an overall update of this leading comprehensive tourism text. Because the tourism industry changes so rapidly, the revision involves adding new developments, updating data, updating profiles, expanding some sectors, adding new web sites, adding selected references, and expanding the glossary. B&Bs, time share, meetings and conventions, sustainable tourism, climate change, social media, mobile marketing are some topics given expanded coverage in this new 12th Edition"--Provided by publisher. |
| 650 #0 - SUBJECT ADDED ENTRY--TOPICAL TERM | |
| Topical term or geographic name as entry element | Tourism. |
| 700 1# - ADDED ENTRY--PERSONAL NAME | |
| Personal name | Ritchie, J. R. Brent. |
| 942 ## - ADDED ENTRY ELEMENTS (KOHA) | |
| Source of classification or shelving scheme | Dewey Decimal Classification |
| Koha item type | Books |
| Lost status | Source of classification or shelving scheme | Damaged status | Not for loan | Collection code | Permanent Location | Current Location | Shelving location | Date acquired | Source of acquisition | Cost, normal purchase price | Total Checkouts | Full call number | Date last seen | Copy number | Koha item type |
|---|---|---|---|---|---|---|---|---|---|---|---|---|---|---|---|
| Dewey Decimal Classification | Not For Loan | Non-fiction | Central Library, University of Rajshahi | Central Library, University of Rajshahi | Reading Room | 08/05/2023 | Dhaka : Book Finder | 13027.95 | 338.4791 GOT 2012 | 10/05/2023 | C-1 | Books | |||
| Dewey Decimal Classification | Non-fiction | Central Library, University of Rajshahi | Central Library, University of Rajshahi | General Stacks | 08/05/2023 | Dhaka : Book Finder | 13027.95 | 338.4791 GOT 2012 | 10/05/2023 | C-2 | Books | ||||
| Dewey Decimal Classification | Non-fiction | Central Library, University of Rajshahi | Central Library, University of Rajshahi | General Stacks | 08/05/2023 | Dhaka : Book Finder | 13027.95 | 338.4791 GOT 2012 | 10/05/2023 | C-3 | Books |